La Fuerza laboral afroantillana en la construcción del Canal de Panamá /
Salvato in:
| Autore principale: | |
|---|---|
| Natura: | testo |
| Soggetti: | |
| Tags: |
Aggiungi Tag
Nessun Tag, puoi essere il primo ad aggiungerne!!
|
MARC
| LEADER | 00000 a a2200000 04500 | ||
|---|---|---|---|
| 001 | 9346 | ||
| 003 | |||
| 040 | |||
| 100 | |a Lowe de Goodin, Melva | ||
| 245 | |a La Fuerza laboral afroantillana en la construcción del Canal de Panamá / |c Melva Lowe de Goodin | ||
| 650 | |a ZONA DEL CANAL | ||
| 650 | |a TRABAJO | ||
| 650 | |a EMPLEO | ||
| 650 | |a POBLACION | ||
| 650 | |a ANALISIS HISTORICO | ||
| 650 | |a INMIGRACION | ||
| 650 | |a ENFERMEDADES | ||
| 773 | |g número 1, ESPECIAL; páginas 121-144 | ||
| 999 | |c 22429 |d 22429 | ||
